[Event "Provence-ch prom Meyreuil 9394"]
[Site "France"]
[Date "1993.??.??"]
[Round "5"]
[White "Gozzo, Jean Claude"]
[Black "Derien, Robert"]
[Result "0-1"]
[WhiteElo "1650"]
[BlackElo "1630"]
[PlyCount "108"]
[EventDate "1993.??.??"]
[EventType "tourn"]
[EventRounds "9"]
[EventCountry "FRA"]
[SourceTitle "EXT 2005"]
[Source "ChessBase"]
[SourceDate "2004.11.15"]
[SourceVersion "1"]
[SourceVersionDate "2004.11.15"]
[SourceQuality "1"]

1. d4 Nf6 2. Nf3 d5 3. Bf4 c6 4. e3 Bf5 5. Nbd2 e6 6. c3 Be7 7. Be2 0-0 8. Ne5 Nbd7 9. g4 Be4 10. f3 Bg6 11. h4 h6 12. Nxg6 fxg6 13. Qc2 Qe8 14. Bd3 e5 15. Bxg6 Qd8 16. dxe5 Ne8 17. 0-0-0 Qa5 18. Kb1 b5 19. Nb3 Qb6 20. Bxe8 Raxe8 21. Qg6 c5 22. Qxb6 Nxb6 23. h5 Bg5 24. Bxg5 hxg5 25. Nxc5 Rxe5 26. Rhf1 Rxe3 27. Rd3 Re2 28. b3 Rfe8 29. Na6 Rg2 30. Nb4 Ree2 31. Nxd5 Nxd5 32. Rxd5 Rb2+ 33. Kc1 Rxa2 34. Kb1 Rgb2+ 35. Kc1 Rxb3 36. Rfd1 Rbb2 37. R5d3 a5 38. R3d2 Rxd2 39. Rxd2 Rxd2 40. Kxd2 Kf7 41. Kc2 Ke6 42. Kb3 Ke5 43. c4 bxc4+ 44. Kxc4 Kf4 45. Kb5 a4 46. Kxa4 Kxf3 47. Kb3 Kxg4 48. Kc3 Kf3 49. Kd2 Kf2 50. Kd3 g4 51. Ke4 g3 52. Kf5 g2 53. Kg6 g1Q+ 54. Kh7 Qg5 0-1